000 01097nam a2200265Ia 4500
001 10522
003 GE_BSU
008 181216s||||||||xx |||||||||||||| ||und||
020 _a9789941421372
040 _cGE_BSU
080 _a82.0+821.353.1.09
100 _aბრეგაძე,ლევან
245 _aლიტერატურული (გამო)ძიებანი
245 _bლიტერეტურის თეორია;ქართული ლიტერატურის ისტორია და კრიტიკა.
245 _cრედ:ზვიად კვარაცხელია.
260 _aთბილისი
260 _bარტანუჯი
260 _c2011
300 _a290გვ;20სმ.
541 _h13ლ.50თ.
653 _aლიტერატურული (გამო)ძიებანი:
653 _aლიტერეტურის თეორია;
653 _aქართული ლიტერატურის ისტორია და კრიტიკა.
942 _cBK
999 _c43777
_d43777